Đánh giá khả năng chọn giống chịu mặn của 3 giống/dòng lúa đọt biến ngắn ngày : Chuyên đề luận án tiến sĩ

Do sự xâm nhập mặn ngày càng sau ở vùng Đồng Bằng Sông Cửu Long. Vì vậy, khu vực này rất cần một số giống lúa chịu được độ mặn cao. Ba giống/ dòng lúa đột biến mới được tạo tại Bộ môn Di truyền giống Nông nghiệp (CTUS1-2, CTUS1-3,...

Description complète

Enregistré dans:
Détails bibliographiques
Auteur principal: Quan, Thị Ngọc Liên
Format: Livre
Langue:Undetermined
Publié: Cần Thơ Trường Đại học Cần Thơ 2013
Sujets:
Tags: Ajouter un tag
Pas de tags, Soyez le premier à ajouter un tag!
Thư viện lưu trữ: Trung tâm Học liệu Trường Đại học Cần Thơ
LEADER 01268nam a2200205Ia 4500
001 CTU_205249
008 210402s9999 xx 000 0 und d
082 |a 633.18 
082 |b L305 
100 |a Quan, Thị Ngọc Liên 
245 0 |a Đánh giá khả năng chọn giống chịu mặn của 3 giống/dòng lúa đọt biến ngắn ngày : 
245 0 |b Chuyên đề luận án tiến sĩ 
245 0 |c Quan Thị Ngọc Liên 
260 |a Cần Thơ 
260 |b Trường Đại học Cần Thơ 
260 |c 2013 
520 |a Do sự xâm nhập mặn ngày càng sau ở vùng Đồng Bằng Sông Cửu Long. Vì vậy, khu vực này rất cần một số giống lúa chịu được độ mặn cao. Ba giống/ dòng lúa đột biến mới được tạo tại Bộ môn Di truyền giống Nông nghiệp (CTUS1-2, CTUS1-3, CTUS1-4) có thời gian sinh trưởng ngắn (101 ngày) đẫ được đánh giá khả năng chịu mặn theo phương pháp của IRRI(1997). 
650 |a Rice breeders,Cây lúa,Chọn giống,Rice 
904 |i Qhieu 
980 |a Trung tâm Học liệu Trường Đại học Cần Thơ